000 00699nam a22002177a 4500
999 _c19832
_d19832
003 AR-CdUCM
008 190522b ||||| |||| 00| 0 spa d
040 _aMUNICIPALIDAD PROVINCIAL DEL CUSCO
_cBIBLIOTECA MUNICIPAL DEL CUSCO
082 _a150.3 /
_bW286
100 _aWarren, Howard C.
_941465
245 _aDiccionario de psicología /
260 _aMéxico, D.F :
_bFondo de Cultura Económica,
_c1998.
300 _a383 páginas ;
_c23 cm.
505 _aContenido: Fortiori -- Zwaardemaker.
650 _aDiccionario
_95196
650 _aPsicología
_91538
650 _aEspecializado
_941466
700 _aImaz, E. (traduccion)
_941467
942 _2ddc
_cLIBROS
945 _adavv
_d2019-05-22